00454nam a2200157Ia 4500020001800000082002200018100001600040245006300056260003100119650001600150650002600166650002500192650003100217650002500248700002300273 a81-7835-098-X a341.4810954 GUP-; aGupta, D.N. 0aHuman rights: acts, statutes and constitutional provisions aDelhibKalpaz Publications aLaw - India aCriminals law - India aCivil rights - India aConstitutional law - India aHuman rights - India aSingh, Chandrachur